Ansätze zur Drogenarbeit im Strafvollzug

Gespeichert in:  
Bibliographische Detailangaben
1. VerfasserIn: Rosenberg, Abraham (Verfasst von)
Medienart: Druck Aufsatz
Sprache:Deutsch
Veröffentlicht: 1981
In: Jugendwohl
Jahr: 1981, Band: 62, Heft: 8/9, Seiten: 356-359
Verfügbarkeit prüfen: HBZ Gateway
Schlagwörter:

MARC

LEADER 00000caa a22000002c 4500
001 1635833337
003 DE-627
005 20250613124657.0
007 tu
008 140128s1981 xx ||||| 00| ||ger c
035 |a (DE-627)1635833337 
035 |a (DE-576)400164752 
035 |a (DE-599)BSZ400164752 
040 |a DE-627  |b ger  |c DE-627  |e rakwb 
041 |a ger 
100 1 |a Rosenberg, Abraham  |4 aut 
245 1 0 |a Ansätze zur Drogenarbeit im Strafvollzug  |c Abraham Rosenberg 
264 1 |c 1981 
336 |a Text  |b txt  |2 rdacontent 
337 |a ohne Hilfsmittel zu benutzen  |b n  |2 rdamedia 
338 |a Band  |b nc  |2 rdacarrier 
773 0 8 |i In  |t Jugendwohl  |d Freiburg, Br. : Lambertus-Verl., 1920  |g 62(1981), 8/9, Seite 356-359  |w (DE-627)129552402  |w (DE-600)219723-6  |w (DE-576)015007359  |x 0022-5975  |7 nnas 
773 1 8 |g volume:62  |g year:1981  |g number:8/9  |g pages:356-359 
935 |a mkri 
951 |a AR 
ELC |b 1 
LOK |0 000 xxxxxcx a22 zn 4500 
LOK |0 001 329259748X 
LOK |0 003 DE-627 
LOK |0 004 1635833337 
LOK |0 005 20260225135117 
LOK |0 008 140128||||||||||||||||ger||||||| 
LOK |0 040   |a DE-21-110  |c DE-627  |d DE-21-110 
LOK |0 689   |a s  |a Drogenarbeit 
LOK |0 689   |a s  |a Jugendstrafvollzug 
LOK |0 852   |a DE-21-110 
LOK |0 852 1  |m p  |9 00 
LOK |0 935   |a k110 
LOK |0 938   |k p 
LOK |0 939   |a 28-01-14  |b l01 
ORI |a WA-MARC-krimdoka001.raw